| 000 | 01238nam a2200313 4500 | ||
|---|---|---|---|
| 003 | DO-SdBNP | ||
| 005 | 20220825085528.0 | ||
| 007 | ta | ||
| 008 | 210928b2018 a|||e |||| 00| 0aspa d | ||
| 020 | _a9789945168624 | ||
| 040 |
_aDO-SdBNP _bspa _cBPMSU |
||
| 082 | 4 |
_a158.3 _bH557p 2019 _222 |
|
| 100 | 1 |
_aHernández, Carlos, _d1957- |
|
| 245 |
_aPsicodiagnóstico a través del dibujo de la figura humana / _cCarlos Hernández, |
||
| 250 | _a4ta. ed. | ||
| 260 |
_aSanto Domingo : _bBúho, _c2018 |
||
| 300 |
_a172 p. : _bil. : _c24 cm. |
||
| 490 | 0 |
_aTemas de psicología, _v1 |
|
| 500 | _aIncluye datos biográficos del autor en la contracubierta | ||
| 504 | _aBibliografía : p. 167-172 | ||
| 505 |
_aIncluye índice de contenido _tCapítulo I. Las técnicas proyectivas : fundamentos teóricos -- _tCapítulo II. Test dibujo de la figura humana de Koppitz -- _tCapítulo III.Test dibujo de la familia -- _tCapítulo IV. Test dibujo de la figura humana de Machover -- |
||
| 590 | _ainventariado, 2022/VM | ||
| 650 | 4 |
_aPsicodiagnóstico _x Metodología. |
|
| 650 | 4 |
_aPsicología clínica. _x |
|
| 650 | 4 | _aPsicología aplicada. | |
| 650 | 4 |
_aPsicoanálisis _vTécnicas. |
|
| 910 | _aVMateo V. | ||
| 942 |
_2ddc _cBK |
||
| 999 |
_c14249 _d14249 |
||